Logoterapia y análisis existencial: textos de cinco décadas

Guardat en:
Dades bibliogràfiques
Autor principal: Frankl, Viktor E (Autor)
Format: Llibre
Idioma:espanyol
Publicat: Barcelona Herder 1990
Edició:1a. ed
Matèries:
Etiquetes: Afegir etiqueta
Sense etiquetes, Sigues el primer a etiquetar aquest registre!

MARC

LEADER 00000cam a2200000 a 4500
001 UCW5882
003 CL-VaPUC
008 910819e19900000SP |||||||||||||||||spa|d
020 |a 9788425417115 
082 0 4 |a 616.8914  |b FRA  |2 21 
100 0 |a Frankl, Viktor E  |e author  |9 310945 
245 1 0 |a Logoterapia y análisis existencial: textos de cinco décadas 
250 |a 1a. ed 
300 |a 320 p 
942 |c BK 
945 |d 19910819 00:00:00 
260 |a Barcelona  |b Herder  |c 1990 
650 0 |a Logoterapia   |9 307575 
650 7 |a PSICOTERAPIA  |2 CL-VaPUC  |9 310946 
583 |a last modification  |c 20171128 06:00:55  |k Rodrigo Vera 
999 |c 219188  |d 219186 
952 |0 0  |1 0  |4 0  |6 616_891400000000000_FRA_1990  |7 0  |8 A  |9 209786  |a BIBEDU  |b BIBEDU  |d 2019-11-15  |i 2776669  |o 616.8914 FRA 1990  |p 2776669  |r 2019-11-15  |w 2019-11-15  |y BK  |k EDU 
952 |0 0  |1 0  |3 erb  |4 0  |6 616_891400000000000_FRA_1990  |7 0  |8 A  |9 209787  |a BIBTEO  |b BIBTEO  |i 5439876  |o 616.8914 FRA 1990  |p 5439876  |r 2025-01-17  |w 2019-11-15  |y BK  |z Catalogado en:20171201  |k ICR